Cornerstone course / (Record no. 5602)

MARC details
000 -LEADER
fixed length control field 00795nam a22002417a 4500
003 - CONTROL NUMBER IDENTIFIER
control field OSt
005 - DATE AND TIME OF LATEST TRANSACTION
control field 20250318003912.0
008 - FIXED-LENGTH DATA ELEMENTS--GENERAL INFORMATION
fixed length control field 250314t2000 |||||||| |||| 00| | eng d
020 ## - INTERNATIONAL STANDARD BOOK NUMBER
International Standard Book Number 0-07-237493-4
040 ## - CATALOGING SOURCE
Transcribing agency JMCFI - Learning Resource Center
082 ## - DEWEY DECIMAL CLASSIFICATION NUMBER
Classification number IBED/HSCir. 658.4 C815 2000
100 ## - MAIN ENTRY--PERSONAL NAME
Personal name Callarman, William
9 (RLIN) 15995
245 ## - TITLE STATEMENT
Title Cornerstone course /
Statement of responsibility, etc. William Callarman.
260 ## - PUBLICATION, DISTRIBUTION, ETC.
Place of publication, distribution, etc. United States of America :
Name of publisher, distributor, etc. The McGraw Hills Companies, Inc.,
Date of publication, distribution, etc. 2000.
300 ## - PHYSICAL DESCRIPTION
Extent ix, 566 pages :
Other physical details Black and white, illus. ;
Dimensions 28 cm
504 ## - BIBLIOGRAPHY, ETC. NOTE
Bibliography, etc. note Include indexes.
650 ## - SUBJECT ADDED ENTRY--TOPICAL TERM
Topical term or geographic name entry element Mangement.
9 (RLIN) 15996
650 ## - SUBJECT ADDED ENTRY--TOPICAL TERM
Topical term or geographic name entry element Teams in the workplace.
9 (RLIN) 13049
650 ## - SUBJECT ADDED ENTRY--TOPICAL TERM
Topical term or geographic name entry element Business communication.
9 (RLIN) 7860
650 ## - SUBJECT ADDED ENTRY--TOPICAL TERM
Topical term or geographic name entry element Problem solving.
9 (RLIN) 2239
650 ## - SUBJECT ADDED ENTRY--TOPICAL TERM
Topical term or geographic name entry element Organizational change.
9 (RLIN) 8444
942 ## - ADDED ENTRY ELEMENTS (KOHA)
Source of classification or shelving scheme Dewey Decimal Classification
Koha item type Books
Suppress in OPAC No
Holdings
Withdrawn status Lost status Source of classification or shelving scheme Damaged status Not for loan Home library Current library Shelving location Date acquired Total Checkouts Full call number Barcode Date last seen Copy number Price effective from Koha item type
    Dewey Decimal Classification     LRC - Junior and Senior High School LRC - Junior and Senior High School IBED/HS - Circulation 09/18/2003   IBED/HSCir. 658.4 C815 2000 c1 IBEDHS00000337 03/14/2025 1 03/14/2025 Books
    Dewey Decimal Classification     LRC - Junior and Senior High School LRC - Junior and Senior High School IBED/HS - Circulation 09/18/2003   IBED/HSCir. 658.4 C815 2000 c2 IBEDHS00000338 03/14/2025 2 03/14/2025 Books
    Dewey Decimal Classification     LRC - Junior and Senior High School LRC - Junior and Senior High School IBED/HS - Circulation 09/18/2003   IBED/HSCir. 658.4 C815 2000 c3 IBEDHS00000339 03/14/2025 3 03/14/2025 Books
    Dewey Decimal Classification     LRC - Junior and Senior High School LRC - Junior and Senior High School IBED/HS - Circulation 09/18/2003   IBED/HDCir. 658.4 C815 2000 C4 IBEDHS00000340 03/14/2025 4 03/14/2025 Books
    Dewey Decimal Classification     LRC - Junior and Senior High School LRC - Junior and Senior High School IBED/HS - Circulation 09/18/2003   IBED/HSCir. 658.4 C815 2000 C5 IBEDHS00000341 03/14/2025 5 03/14/2025 Books
    Dewey Decimal Classification     LRC - Junior and Senior High School LRC - Junior and Senior High School IBED/HS - Circulation 09/18/2003   IBED/HSCir. 658.4 C815 2000 C6 IBEDHS00000342 03/14/2025 6 03/14/2025 Books